000
00212 a2200097 4500
001
32748
100
_a
COM, Tokaev, G A
245
_a
Comrade X
260
_a
London
_b
The Harnvill Press
_c
090
_c
21946
_d
21946
942
_a
NUST-CAE
_c
M
_c
13276
999
_c
267821
_d
267821